| 000 | 02901cam a2200337 4500500 | ||
|---|---|---|---|
| 005 | 20251228080851.0 | ||
| 041 | _afre | ||
| 042 | _adc | ||
| 100 | 1 | 0 |
_aDes co-chercheurs de la démarche Capdroits _eauthor |
| 245 | 0 | 0 | _aDu partage d’expérience à la signature d’un manifeste sur l’exercice des droits |
| 260 | _c2020. | ||
| 500 | _a27 | ||
| 520 | _aQuelles modalités d’engagement et pratiques de solidarité sont à l’œuvre dans une recherche collaborative portant sur l’exercice des droits des personnes en situation de handicap ? Nous présentons dans cet article une réflexion sur l’articulation entre les enjeux de « la solidarité par l’engagement » et de « la solidarité par les droits » à partir de l’expérience d’une recherche citoyenne Capdroits, inspirée par les débats autour de la convention de l’ onu relative aux droits des personnes handicapées et cherchant à transformer l’expérience de vulnérabilité en expertise publique. À travers l’exemple d’un manifeste sur l’exercice des droits et d’autres productions de la recherche, nous analysons notamment les limites de la référence aux droits humains en tant que véhicule d’engagement et les tensions qu’elle peut provoquer, et défendons une approche d’un dialogue solidaire entre différents types de positions sociales et de savoirs permettant de dépasser des asymétries. | ||
| 520 | _aWhat forms of engagement and solidarity practices are at work in a collaborative research on the exercise of rights for people with disabilities? In this article, we reflect on the articulation between the issues of “solidarity of engagement” and “solidarity of rights” based on our experience of citizen research Capdroits, inspired by the debates on the un Convention on the rights of people with disabilities, which aimed to transform lived experience of vulnerability into public expertise. Taking as examples our manifesto on the exercise of rights and other research productions, we analyze the limits of reference to human rights as a vehicle of engagement and the tensions it can provoke and defend a solidarity approach based on a dialogue between different types of social positions and knowledge in order to overcome asymmetries. | ||
| 690 | _acapacités | ||
| 690 | _acroisement des savoirs | ||
| 690 | _adroits humains | ||
| 690 | _ahandicaps | ||
| 690 | _arecherche citoyenne | ||
| 690 | _asolidarité | ||
| 690 | _avulnérabilités | ||
| 690 | _acapability | ||
| 690 | _acitizen research | ||
| 690 | _adialogue between knowledges | ||
| 690 | _adisabilities | ||
| 690 | _ahuman rights | ||
| 690 | _asolidarity | ||
| 690 | _avulnerability | ||
| 786 | 0 | _nVie sociale | 27 | 3 | 2020-01-24 | p. 135-151 | 0042-5605 | |
| 856 | 4 | 1 | _uhttps://shs.cairn.info/revue-vie-sociale-2019-3-page-135?lang=fr&redirect-ssocas=7080 |
| 999 |
_c1599037 _d1599037 |
||